| 000 | 01189nam0a22002651 4500 | ||
|---|---|---|---|
| 001 | rc\4955867 | ||
| 005 | 20130426163435.2 | ||
| 021 |
_aRU _b[65-80706] |
||
| 035 | _a(NLR Aleph) 008955417 | ||
| 090 |
_a9029977 _c9029977 |
||
| 100 | _a20130426d1965 |||y0rusy50 ca | ||
| 101 | 0 | _arus | |
| 102 | _aRU | ||
| 105 | _ay z ||||| | ||
| 200 | 1 |
_aРаботы по паразитофауне Юго-Запада СССР _f[Ред. коллегия: акад. А.А. Спасский (отв. ред.) и др.] _gИн-т зоологии Акад. наук Молдав. ССР. Комис. по охране природы Акад. наук Молдав. ССР. Ин-т зоологии Акад. наук УССР. Рост. н/Д гос. ун-т |
|
| 210 |
_aКишинев _cБ. и. _d1965 |
||
| 215 |
_a174 с. _d20 |
||
| 606 |
_aПаразиты животных _yЮго-Запад СССР _2psbo |
||
| 702 | 1 |
_aСпасский _bА. А. _gАлексей Андреевич _4340 |
|
| 712 | 0 | 2 |
_aИнститут зоологии _cКишинев _3RU\NLR\AUTH\8810018915 |
| 801 | 0 |
_aRU _bNLR _gpsbo |
|
| 801 | 1 |
_aRU _bELAR _2rusmarc |
|
| 852 |
_aNLR _j65-3/5505 |
||
| 942 | _cBOOK | ||
| 980 | _aNB | ||